Analýza priebehu tlaku v spaľovacom motore pre vybrané plynné palivá

Salvato in:
Dettagli Bibliografici
Autore principale: Dobrovolný, Juraj (Autore)
Altri autori: Chríbik, Andrej (Relatore della tesi)
Natura: Manoscritto Libro
Lingua:slovacco
Pubblicazione: 2022
Soggetti:
Accesso online:http://is.stuba.sk/zp/portal_zp.pl?podrobnosti=156065
Tags: Aggiungi Tag
Nessun Tag, puoi essere il primo ad aggiungerne!!

MARC

LEADER 00000ntm a22000003a 4500
001 stuzp90599
003 SK-STU
005 20220611213749.4
007 ta
008 150427s2015----xo-----f-mn---000-0-slo-d
040 |a STU  |b slo 
041 0 |a slo 
100 1 |a Dobrovolný, Juraj  |u 020030  |4 aut  |U SjF Strojnícka fakulta  |T SjF Ústav dopravnej techniky a konštruovania  |X 103955  |U J0030  |Y 806  |7 103955 
242 0 1 |a Analysis of the course of pressure in an internal combustion engine for selected gaseous fuels  |y eng 
245 1 0 |a Analýza priebehu tlaku v spaľovacom motore pre vybrané plynné palivá 
260 |c 2022 
650 4 |a korekcia tlaku  |2 slo 
650 4 |a Lombardini LGW 702  |2 slo 
650 4 |a plynné palivá  |2 slo 
650 4 |a analýza priebehu tlaku  |2 slo 
650 4 |a snímanie tlakov  |2 slo 
650 4 |a p-V diagram  |2 slo 
650 4 |a pressure correction  |2 eng 
650 4 |a Lombardini LGW 702  |2 eng 
650 4 |a p-V diagram  |2 eng 
650 4 |a gaseous fuels  |2 eng 
650 4 |a pressure course analysis  |2 eng 
650 4 |a pressure sensing  |2 eng 
700 1 |a Chríbik, Andrej  |u 020030  |k Z1  |4 ths  |U SjF Strojnícka fakulta  |T SjF Ústav dopravnej techniky a konštruovania  |X 26808  |U J0030  |Y 806  |7 A000026808 
856 4 |u http://is.stuba.sk/zp/portal_zp.pl?podrobnosti=156065 
996 |b 284J046950  |c J* 3450/DBP  |l JJSK  |s A  |a 24  |w stuzp90599_0001